<?xml version="1.0" encoding="UTF-8"?>
<marc:record xmlns:marc="http://www.loc.gov/MARC21/slim">
   <marc:leader>00000nam a2200000 a 4500</marc:leader>
   <marc:datafield ind1="1" ind2=" " tag="100">
      <marc:subfield code="a">Nakache, Olivier [Regie]</marc:subfield>
      <marc:subfield code="4">aut</marc:subfield>
      <marc:subfield code="e">Verfasser/-in</marc:subfield>
   </marc:datafield>
   <marc:datafield ind1="1" ind2=" " tag="100">
      <marc:subfield code="a">Rouven, Jean-Paul</marc:subfield>
   </marc:datafield>
   <marc:datafield ind1="1" ind2=" " tag="100">
      <marc:subfield code="a">Bacri, Jean-Pierre</marc:subfield>
   </marc:datafield>
   <marc:datafield ind1=" " ind2=" " tag="653">
      <marc:subfield code="a">Hochzeit</marc:subfield>
   </marc:datafield>
   <marc:datafield ind1=" " ind2=" " tag="653">
      <marc:subfield code="a">Chaos</marc:subfield>
   </marc:datafield>
   <marc:datafield ind1=" " ind2=" " tag="653">
      <marc:subfield code="a">Hektik</marc:subfield>
   </marc:datafield>
   <marc:datafield ind1="0" ind2="0" tag="245">
      <marc:subfield code="a">Das Leben ist ein Fest [Bildtonträger]</marc:subfield>
   </marc:datafield>
   <marc:datafield ind1="0" ind2="0" tag="245">
      <marc:subfield code="c">Ein Film von Olivier Nakache. Mit Jean-Pierre Bacri, Jean-Paul Rouven.</marc:subfield>
   </marc:datafield>
   <marc:datafield ind1=" " ind2="1" tag="264">
      <marc:subfield code="a">München</marc:subfield>
      <marc:subfield code="b">Universum Film</marc:subfield>
      <marc:subfield code="c">2018</marc:subfield>
   </marc:datafield>
   <marc:datafield ind1="1" ind2=" " tag="520">
      <marc:subfield code="a">Angaben aus der Verlagsmeldung. Kann einem Wedding Planner etwas Schlimmeres passieren als ein verdorbenes Buffet, eine Hochzeitsgesellschaft, die im Stau steht, ein Fotograf, der sich danebenbenimmt, eine Band, die kurzfristig absagt, und ein Team, das wegen einer Lebensmittelvergiftung ausfällt? Wenn dann noch die eigene Frau die Scheidung will und der Schwager in der Braut die große Liebe seines Lebens erkennt, ist das Chaos perfekt!Seit Jahrzehnten richtet Max luxuriöse Hochzeiten aus routiniert und professionell. Doch sein aktuelles Projekt, eine Traumhochzeit in einem herrschaftlichen Landschloss vor den Toren von Paris, droht zum Fiasko zu werden. Und das, obwohl es eigentlich ein ganz normaler Auftrag werden sollte. Als der Abend zunehmend aus dem Ruder läuft, beschließt Max, seinen Job an den Nagel zu hängen und seine Firma zu verkaufen. Oder kann sich völliges Chaos doch noch zum Guten wenden und die Feier gerettet werden?</marc:subfield>
   </marc:datafield>
   <marc:datafield ind1=" " ind2=" " tag="020">
      <marc:subfield code="a">KNVTitelnr.:</marc:subfield>
      <marc:subfield code="9">KNVTitelnr.:</marc:subfield>
   </marc:datafield>
   <marc:datafield ind1=" " ind2=" " tag="041">
      <marc:subfield code="a">ger</marc:subfield>
   </marc:datafield>
   <marc:datafield ind1="0" ind2=" " tag="490">
      <marc:subfield code="v">0</marc:subfield>
   </marc:datafield>
   <marc:datafield ind1=" " ind2=" " tag="300">
      <marc:subfield code="a">111' : 1 DVD</marc:subfield>
   </marc:datafield>
</marc:record>
